Medya okuryazarlığı şiir kitabı (Record no. 4213)

MARC details
000 -BAŞLIK
Sabit Uzunlukta Kontrol Alanı 00922na a2200265 4500
001 - KONTROL NUMARASI
Denetim Alanı 16029
003 - KONTROL NUMARASI IDENTIFIER
Denetim Alanı MIRAKIL
005 - SON İŞLEM TARİHİ VE ZAMANI
Denetim Alanı 20181213154957.0
008 - SABİT-BOY VERİ ELEMANLARI - GENEL BİLGİLER
Sabit Uzunlukta Kontrol Alanı 161013b tu 000 0
035 ## - SİSTEM KONTROL NUMARASI
Sistem Kontrol Numarası 16029
040 ## - KATALOGLAMA KAYNAK
Orijinal Kataloglama Ajansı Milas
Kataloglama Dili tur
Metne Dönüştürmek Ajansı TR-AnCHP
041 ## - DİL KODU
Metin / Ses Parça Veya Ayrı Başlığın Dil Kodu tur
082 ## - DEWEY ONLU SINIFLANDIRMA NUMARASI
Sınıflandırma Numarası 811.4208
Ürün Numarası M32 2008
090 ## - SINIFLAMA NUMARASI
Sınıflama Numarası 811.4208 M32 2008
245 ## - BAŞLIK TABLOSU
Başlık Medya okuryazarlığı şiir kitabı
Başlığın Kalan İlköğretim Öğrencileri arasında düzenlenen medya okuryazarlığı konulu şiir yarışmasında ödül alan eserler
Sorumluluk Tablosu, Vb RTÜK
260 ## - YAYIN, DAĞITIM, VB
Yayın, Dağıtım, Vb Yeri Ankara
Yayıncı, Dağıtıcı, Vs Adı Radyo ve Televizyon Üst Kurulu (RTÜK)
Yayın, Dağıtım, Vb Tarihi 2012
300 ## - FİZİKSEL TANIM
Kapsam 126 s.
Boyutlar 24 sm.
630 ## - KONU KATMA GİRİŞ - NAMED OLAY
Üniforma Başlık Medya Okuryazarlığı Şiir Yarışması
650 ## - KONU KATMA GİRİŞ - TOPİKAL DÖNEM
Topikal Süreli Veya Coğrafi Ad Giriş Elemanı Çocuk şiirleri
650 ## - KONU KATMA GİRİŞ - TOPİKAL DÖNEM
Topikal Süreli Veya Coğrafi Ad Giriş Elemanı Kitle iletişim araçları, Edebiyatta
650 ## - KONU KATMA GİRİŞ - TOPİKAL DÖNEM
Topikal Süreli Veya Coğrafi Ad Giriş Elemanı Medya okuryazarlığı, Edebiyatta
650 ## - KONU KATMA GİRİŞ - TOPİKAL DÖNEM
Topikal Süreli Veya Coğrafi Ad Giriş Elemanı Türkçe şiir
Genel Alt Bölümü Seçkiler
710 ## - KATMA GİRİŞ - KURUMSAL ADI
Giriş Elemanı Olarak Kurumsal Ad Veya Yargı Alanı Adı Radyo Televizyon Üst Kurulu (RTÜK)
942 ## - EKLENDİ GİRİŞ ELEMANLARI (KOHA)
Sınıflandırma Veya Raf Düzeni Kaynak Dewey Decimal Classification
Koha Öğesi Türü Books
999 ## - SİSTEM KONTROL NUMARALARI (KOHA)
Koha Biblionumber 4213
Koha Biblioitemnumber 4213
Holdings
Kalıcı Konum Mevcut Konum Edinme Tarihi Edinim Kaynak Toplam Check-Out'Lar Tam Çağrı Numarası Barkod Tarih Son Görülme İtibaren Geçerli Fiyatlar Koha Öğesi Türü
CHP Kütüphanesi CHP Kütüphanesi 09/28/2016 Bağış   811.4208 M32 2008 004633 09/28/2016 09/28/2016 Books